| 000 | 00945nam a2200289 i 4500 | ||
|---|---|---|---|
| 001 | bg | ||
| 100 | 1 | _aJAŚLAN, Janina. | |
| 245 | 1 | 0 |
_aSłownik terminologii prawniczej i ekonomicznej angielsko-polski / _cJanina Jaślan, Henryk Jaślan. |
| 246 | 1 | 1 | _aEnglish-Polish dictionary of legal and economic terms |
| 250 | _aWyd. 6. | ||
| 260 |
_aWarszawa : _b"Wiedza Powszechna", _c2001. |
||
| 300 |
_a724 s. ; _c24 cm. |
||
| 500 | _aTyt. równol.: An English-Polish dictionary of legal and economic terms. | ||
| 650 | 9 | _aNauki ekonomiczne | |
| 650 | 9 | _aPrawo | |
| 650 | 9 | _aSłownik angielsko-polski | |
| 655 | _aSłowniki | ||
| 700 | 1 | _aJAŚLAN, Henryk. | |
| 020 | _a8321410243 | ||
| 040 | _cBPK | ||
| 041 | 1 | _aenpl | |
| 080 | _a34+33](038)=111=162.1 | ||
| 920 | _a83-214-1024-3 | ||
| 942 | _cKS | ||
| 008 | s pl f |000 0 pol | ||
| 999 |
_c40348 _d40348 |
||
| 856 |
_uhttp://koha.tu.koszalin.pl/cgi-bin/koha/opac-detail.pl?biblionumber=40348 _yKatalog online BPK |
||